[Event "Online Olym Disabilities"]
[Site "Tornelo INT"]
[Date "2020.11.21"]
[Round "1.10"]
[White "Selcuk, Umit"]
[Black "Gjorgjevski, Janco"]
[Result "0-1"]
[WhiteElo "1628"]
[BlackElo "1904"]
[PlyCount "62"]
[EventDate "2020.11.21"]
[EventType "team-swiss (rapid)"]
[EventRounds "7"]
[EventCountry "NET"]
[SourceTitle "CBM 199 Extra"]
[Source "ChessBase"]
[SourceDate "2021.01.31"]
[SourceVersion "1"]
[SourceVersionDate "2021.01.31"]
[SourceQuality "1"]
[WhiteTeam "Turkey III"]
[BlackTeam "North Macedonia"]
[WhiteTeamCountry "TUR"]
[BlackTeamCountry "MKD"]

1. e4 c5 2. Nf3 Nc6 3. d4 cxd4 4. c3 d5 5. exd5 Qxd5 6. Nxd4 e5 7. Nxc6 Qxc6 8. Qb3 a6 9. Be3 Be6 10. Qb6 Qd7 11. Be2 Nf6 12. c4 Rc8 13. Nd2 Rc6 14. Qa5 Bd6 15. f3 0-0 16. Rd1 Qe7 17. a3 Rfc8 18. 0-0 Bc7 19. Qa4 Nd7 20. Ne4 Nb6 21. Qb3 h6 22. Bc5 Rxc5 23. Nxc5 Qxc5+ 24. Kh1 Bxc4 25. Qc3 Bd6 26. Bxc4 Nxc4 27. b4 Qc6 28. Rc1 b5 29. Qd3 Be7 30. Rfd1 Bg5 31. Rc2 Rd8 0-1

[Event "IBCA Wch blind 14th"]
[Site "Cagliari"]
[Date "2019.04.14"]
[Round "9"]
[White "Selcuk, Umit"]
[Black "Wikman, Bengt Ingemar"]
[Result "0-1"]
[WhiteElo "1555"]
[BlackElo "1806"]
[PlyCount "76"]
[EventDate "2019.04.06"]
[EventType "swiss"]
[EventRounds "9"]
[EventCountry "ITA"]
[SourceTitle "CBM 189 Extra"]
[Source "ChessBase"]
[SourceDate "2019.06.03"]
[SourceVersion "1"]
[SourceVersionDate "2019.06.03"]
[SourceQuality "1"]

1. e4 e5 2. Nf3 Nc6 3. Bc4 Bc5 4. c3 Nf6 5. d3 0-0 6. b4 Bb6 7. b5 Na5 8. Nxe5 d6 9. Nxf7 Rxf7 10. Bxf7+ Kxf7 11. 0-0 Bg4 12. Qc2 Qd7 13. a4 Rf8 14. Be3 Be6 15. c4 c6 16. Bxb6 axb6 17. f4 Kg8 18. f5 Bf7 19. Nc3 Ng4 20. Rf3 d5 21. h3 Ne5 22. Rg3 dxc4 23. Qf2 Nxd3 24. Qe3 Qd6 25. Rf1 Qe5 26. Qg5 Qxc3 27. f6 Bg6 28. Qg4 Qd4+ 29. Kh2 Nc5 30. h4 Qd7 31. Qe2 Rf7 32. Rd1 Nd3 33. h5 Rxf6 34. hxg6 Rd6 35. Rf3 Rxg6 36. Rdxd3 cxd3 37. Qa2+ Qe6 38. Qa3 Qd6+ 0-1

[Event "IBCA Wch blind 14th"]
[Site "Cagliari"]
[Date "2019.04.08"]
[Round "3"]
[White "Selcuk, Umit"]
[Black "Znuderl, Matej"]
[Result "0-1"]
[WhiteElo "1555"]
[BlackElo "1918"]
[PlyCount "82"]
[EventDate "2019.04.06"]
[EventType "swiss"]
[EventRounds "9"]
[EventCountry "ITA"]
[SourceTitle "CBM 189 Extra"]
[Source "ChessBase"]
[SourceDate "2019.06.03"]
[SourceVersion "1"]
[SourceVersionDate "2019.06.03"]
[SourceQuality "1"]

1. e4 e5 2. Bc4 Nf6 3. d3 c6 4. Nc3 d5 5. exd5 cxd5 6. Bb5+ Bd7 7. Bxd7+ Nbxd7 8. a3 Bc5 9. Na4 Bd6 10. Nf3 Qa5+ 11. c3 b5 12. b4 Qxa4 13. Qxa4 bxa4 14. Be3 e4 15. dxe4 Nxe4 16. Bd4 0-0 17. g4 Rfe8 18. 0-0-0 Rac8 19. Kb2 Ne5 20. Nxe5 Bxe5 21. Bxe5 Rxe5 22. f4 Ree8 23. Rxd5 Nxc3 24. Rc5 Rxc5 25. bxc5 Ne2 26. Re1 Kf8 27. f5 Nd4 28. Rxe8+ Kxe8 29. Kc3 Nc6 30. Kc4 a6 31. Kd5 Kd7 32. h4 Nb4+ 33. Ke5 Nc2 34. g5 Nxa3 35. Kd4 Nb5+ 36. Kc4 Kc6 37. h5 a3 38. Kb3 Kxc5 39. g6 fxg6 40. h6 gxh6 41. f6 Kd6 0-1